Horúci biznis zo studených krajín
Mladé inovatívne podniky na severe Európy známe najmä v hrách. Angry birds - nahnevané vtáky. Komparatívne výhody mladých zo severských štátov. Vzdelávací systém - kvalitný základ pre kreativitu a logiku. Investície do start-upov. Start-upy známe aj v Silicon Valley. Značka Silicon Vikings.
Salvato in:
| Autore principale: | |
|---|---|
| Natura: | Capitolo di libro |
| Lingua: | slovacco |
| Soggetti: | |
| Tags: |
Nessun Tag, puoi essere il primo ad aggiungerne!!
|
MARC
| LEADER | 00000naa a2200000 4500 | ||
|---|---|---|---|
| 001 | 0193811 | ||
| 005 | 20231113101938.3 | ||
| 041 | 0 | |a slo | |
| 044 | |a SK | ||
| 245 | 1 | 0 | |a Horúci biznis zo studených krajín |c Dominik Orfánus |
| 520 | |a Mladé inovatívne podniky na severe Európy známe najmä v hrách. Angry birds - nahnevané vtáky. Komparatívne výhody mladých zo severských štátov. Vzdelávací systém - kvalitný základ pre kreativitu a logiku. Investície do start-upov. Start-upy známe aj v Silicon Valley. Značka Silicon Vikings. | ||
| 610 | 2 | 0 | |a podnikanie |
| 610 | 2 | 0 | |a podnikatelia |
| 610 | 2 | 0 | |a start-up |
| 610 | 2 | 0 | |a inovácia |
| 610 | 2 | 0 | |a technológie informačné |
| 610 | 2 | 0 | |a technológie komunikačné |
| 610 | 2 | 0 | |a technológie nové |
| 610 | 2 | 0 | |a Škandinávia |
| 100 | 1 | |a Orfánus, Dominik | |